000 00808nas a2200289 4500
001 BR2010005526
003 BR-BrBNA
005 20231205114347.0
007 ta
008 230509b bl.|||p| |||| 00| 00por d
040 _aBR-BrBNA
_bpor
_cBiblioteca Nacional de Agricultura
041 _a(En)
072 _aH50
100 1 _aCampanharo, M.
100 1 _aMonnerat, P.H.
100 1 _aEspíndula, M.C.
100 1 _aRabello, W.S.
100 1 _aRibeiro, G.
245 1 _aToxicity symptoms of nickel in common bean
650 _aFEIJÃO
650 _aNÍQUEL
650 _aCLOROSE
650 _aNECROSE
773 0 _tRevista Ciència Agronômica (Brazil)
_xISSN 0045-6888
_g(Jul-Sep 2010), v.41(3) p. 490-494
_wBR2010005526
909 _a202311
_bLúcia
_c55
_dLúcia Elande
942 _2AGRIS
_n0
_cANA
999 _c208416
_d208416